书目信息 |
| 题名: |
庞德与中国文化
|
|
| 作者: | 吴其尧著 | |
| 分册: | ||
| 出版信息: | 上海 上海外语教育出版社 2006.07 |
|
| 页数: | 281页 | |
| 开本: | 21cm | |
| 丛书名: | ||
| 单 册: | ||
| 中图分类: | I712.072 | |
| 科图分类: | ||
| 主题词: | 古典诗歌-文学研究-中国;诗歌-文学研究-美国-现代 | |
| 电子资源: | ||
| ISBN: | 7-5446-0094-7 | |
| 000 | 00710nam0 2200217 45 | |
| 001 | 010463561682 | |
| 005 | 20070607154606.79 | |
| 010 | @a7-5446-0094-7@dCNY16.00 | |
| 100 | @a20061027d2006 ekmy0 y0120 ea | |
| 102 | @aCN@b310000 | |
| 105 | @ay z 000yy | |
| 200 | 1 | @a庞德与中国文化@e兼论外国文学在中国文化现代化中的作用@f吴其尧著 |
| 210 | @a上海@c上海外语教育出版社@d2006.07 | |
| 215 | @a281页@d21cm | |
| 330 | @a本书为上海市“十五”哲学社会科学规划中青班专项课题,诠释了美国诗人庞德与中国文化的不解之缘。 | |
| 606 | 1 | @a古典诗歌-文学研究-中国;诗歌-文学研究-美国-现代 |
| 690 | @aI712.072@v4 | |
| 701 | 0 | @a吴其尧著 |
| 801 | 0 | @aCN@c20070607 |
| 905 | @dI712.072@eW858 | |
| 906 | @dCNY16.00@n3@r1 | |
| 庞德与中国文化:兼论外国文学在中国文化现代化中的作用/吴其尧著.-上海:上海外语教育出版社,2006.07 |
| 281页;21cm |
| ISBN 7-5446-0094-7:CNY16.00 |
| 本书为上海市“十五”哲学社会科学规划中青班专项课题,诠释了美国诗人庞德与中国文化的不解之缘。 |
| ● |
| 相关链接 |
|
|
|
正题名:庞德与中国文化
索取号:I712.072/W858
 
预约/预借
| 序号 | 登录号 | 条形码 | 馆藏地/架位号 | 状态 | 备注 |
| 1 | 232437 | 202324378 | 文学库116/116文学库 25排3列3层/ [索取号:I712.072/W858] | 在馆 | |
| 2 | 232438 | 202324387 | 社科二线422/116文学库 25排3列3层/ [索取号:I712.072/W858] | 在馆 | |
| 3 | 232439 | 202324396 | 文学库116/116文学库 25排3列2层/ [索取号:I712.072/W858] | 在馆 |